EDUCATION & AND SOCIETY (Record no. 8799)

MARC details
000 -LEADER
fixed length control field 00300nam a22001457a 4500
003 - CONTROL NUMBER IDENTIFIER
control field SGT
082 ## - DEWEY DECIMAL CLASSIFICATION NUMBER
Classification number 370,MIS
100 ## - MAIN ENTRY--PERSONAL NAME
Personal name MISHRA,REENA
245 ## - TITLE STATEMENT
Title EDUCATION & AND SOCIETY
250 ## - EDITION STATEMENT
Edition statement 1ST
260 ## - PUBLICATION, DISTRIBUTION, ETC. (IMPRINT)
Place of publication, distribution, etc DELHI
Name of publisher, distributor, etc INDIAN PUBLICATION
Year of Publication 2010
300 ## - PAGE DESCRIPTION
No. of Pages 352
650 ## - SUBJECT ADDED ENTRY--TOPICAL TERM
Topical term or geographic name as entry element EDUCATION
942 ## - ADDED ENTRY ELEMENTS (KOHA)
Source of classification or shelving scheme Dewey Decimal Classification
Koha item type Books
Holdings
Withdrawn status Lost status Source of classification or shelving scheme Damaged status Use restrictions Not for loan Collection code Home library Current library Shelving location Date acquired Vendor Name Cost, normal purchase price SGTU Bill Number Full call number Accession No. (Barcode) Date last seen Bill Date Koha item type
    Dewey Decimal Classification   Restricted Access   EDUCATION SGT Engineering Library SGT Engineering Library Reference Book 07/05/2016 UBS DELHI 245.00 SGTU 544 370,MIS ED21 07/05/2016 06/02/2016 Books
    Dewey Decimal Classification       EDUCATION SGT Engineering Library SGT Engineering Library Text Book 07/05/2016 UBS DELHI 245.00 SGTU 544 370,MIS ED22 07/05/2016 06/02/2016 Books
    Dewey Decimal Classification       EDUCATION SGT Engineering Library SGT Engineering Library Text Book 07/05/2016 UBS DELHI 245.00 SGTU 544 370,MIS ED23 07/05/2016 06/02/2016 Books
    Dewey Decimal Classification       EDUCATION SGT Engineering Library SGT Engineering Library Text Book 07/05/2016 UBS DELHI 245.00 SGTU 544 370,MIS ED24 07/05/2016 06/02/2016 Books
    Dewey Decimal Classification       EDUCATION SGT Engineering Library SGT Engineering Library Text Book 07/05/2016 UBS DELHI 245.00 SGTU 544 370,MIS ED25 07/05/2016 06/02/2016 Books